LEADER 01539nam a2200361 u 4500 001 000000033877 003 CaOOAMICUS 005 20070226112418.0 008 971114s1978 it u000 u ita u 020 $a883990333X 035 $a10776262 040 $aPUL$bita$dMSA 041 1 $aita$hger 100 1 $aGogarten, Friedrich,$d1887-1967.$0(OLS)http://pul/name/12778 240 10$aVerkündigung Jesu Christi Grundlagen und aufgabe.$lItaliano.$0(OLS)http://pul/title/46661 245 12$aL'annuncio di Gesł Cristo :$bi fondamenti e il compito /$cFriedrich Gogarten ; [con una presentazione di Giorgio Penzo]. 260 $aBrescia :$bQueriniana,$c1978. 300 $a519 p. ;$c23 cm 490 1 $aBiblioteca di teologia contemporanea ;$v33 500 $aTraduzione dal tedesco di Giorgio Penzo e Ursula Kirsch. 650 4$aCristologia.$0(OLS)http://pul/subject/1402 700 1 $aPenzo, Giorgio.$0(OLS)http://pul/name/5703 830 0$aBiblioteca di teologia contemporanea ;$v33.$0(OLS)http://pul/title/7472 850 $aPUL 852 $aPUL$W1$xSL Religione 3$y85$m200 BTC 1.33$j46469$nBK-PRI$b $qDDC 21$B46469$CPULBib$Z2$F46469 $82 941 1 $a9 960 $aIesus Christus$91402 960 $aIesus Christus$91402 961 $aINV: 045162 -- ordinario 983 0$aBTC. 996 $6020$a883990333X$9(OLS)http://pul/number/42525 996 $6245$aL'annuncio di Gesł Cristo :$bi fondamenti e il compito$9(OLS)http://pul/title/46662 996 $6260$aBrescia :$bQueriniana$9(OLS)http://pul/publisher/47906 LEADER 01461nam a2200325 u 4500 001 000000047797 003 CaOOAMICUS 005 20070226114926.0 008 000207s1999 vc u000 u ita u 020 $a8820927888 035 $a10840837 040 $aMSA$bita$dBAV 100 1 $aDe Gennaro, Giuseppe,$cS.I.,$d1932-$0(OLS)http://pul/name/5834 245 10$aLetteratura mistica :$bSan Paolo mistico /$cGiuseppe De Gennaro, Elisabetta C. Salzer. 260 $aCittą del Vaticano :$bLibreria editrice vaticana,$c1999. 300 $a644 p. ;$c22 cm 490 1 $aCollana di mistica 504 $aContiene riferimenti bibliografici. 600 04$aPaulus,$cs., apostolo.$0(OLS)http://pul/subject/417 650 4$aMisticismo.$0(OLS)http://pul/subject/2407 650 4$aTeologia mistica.$0(OLS)http://pul/subject/1318 700 0 $aMaria Maddalena del Cuore di Gesł e della Santissima Trinitą,$csuora,$d1912-$0(OLS)http://pul/name/34715 830 0$aCollana di mistica.$0(OLS)http://pul/title/64341 850 $aPUL 852 $aPUL$W1$xSL Religione 1$y3$m41 C 59$j63812$nBK-PRI$b $qStampati$B63812$CPULBib$Z2$F63812 $H $81 941 1 $a8 961 $aINV: 80418 996 $6020$a8820927888$9(OLS)http://pul/number/59806 996 $6245$aLetteratura mistica :$bSan Paolo mistico$9(OLS)http://pul/title/64340 996 $6260$aCittą del Vaticano :$bLibreria editrice vaticana$9(OLS)http://pul/publisher/47920